Statistics for New Zealand All Blacks Rugby 200 or more points in Tests

Click here to take the quiz!

General Stats

  • This quiz has been taken 607 times
    (78 since last reset)
  • The average score is 11 of 15

Answer Stats

PointsPlayer% Correct
734Beauden Barrett
98%
1598Dan Carter
97%
292Jordie Barrett
97%
645Grant Fox
79%
967Andrew Mehrtens
78%
291Carlos Spencer
75%
236Christian Cullen
75%
245Doug Howlett
75%
322Aaron Cruden
71%
230Julian Savea
70%
234Jeff Wilson
67%
464Richie Mo'unga
63%
230Josevata Rokocoko
56%
201Allan Hewson
30%
207Don Clarke
30%

Score Distribution

Percentile by Number Answered

Percent of People with Each Score

Your Score History

You have not taken this quiz since the last reset